Bakers and Basques (Record no. 210012)
[ view plain ]
| 000 -LEADER | |
|---|---|
| fixed length control field | 01578nam a2200385Ia 4500 |
| 100 1# - MAIN ENTRY--AUTHOR NAME | |
| Personal name | Weis, Robert, |
| 245 10 - TITLE STATEMENT | |
| Title | Bakers and Basques |
| 260 ## - PUBLICATION, DISTRIBUTION, ETC. (IMPRINT) | |
| Place of publication | Albuquerque : |
| Name of publisher | University of New Mexico Press, |
| Year of publication | c2012. |
| 300 ## - PHYSICAL DESCRIPTION | |
| Number of Pages | xii, 217 p. : |
| Other physical details | ill. |
| 650 #0 - SUBJECT ADDED ENTRY--TOPICAL TERM | |
| Topical Term | Bread industry |
| Topical Term | Bread |
| Topical Term | Bread |
| Topical Term | Bakeries |
| Topical Term | Bakers |
| 856 40 - ELECTRONIC LOCATION AND ACCESS | |
| Uniform Resource Identifier | http://site.ebrary.com/lib/rucke/Doc?id=10591115 |
No items available.
